Office a facet of Urban growth (Record no. 409934)

000 -LEADER
fixed length control field 00554cam a22001697a 4500
008 - FIXED-LENGTH DATA ELEMENTS--GENERAL INFORMATION
fixed length control field 180718b1969 xxu||||| |||| 00| 0 eng d
020 ## - INTERNATIONAL STANDARD BOOK NUMBER
International Standard Book Number 435 82220 9
082 ## - DEWEY DECIMAL CLASSIFICATION NUMBER
Classification number J711 C838
100 ## - MAIN ENTRY--PERSONAL NAME
Personal name Cowan, Peter
245 ## - TITLE STATEMENT
Title Office a facet of Urban growth
Statement of responsibility, etc. by Peter Cowan and Daniel Fine...[et.al.]
260 ## - PUBLICATION, DISTRIBUTION, ETC.
Place of publication, distribution, etc. London
Name of publisher, distributor, etc. Heinemann Ediucational Books
Date of publication, distribution, etc. 1969
300 ## - PHYSICAL DESCRIPTION
Extent xi, 280p
650 ## - SUBJECT ADDED ENTRY--TOPICAL TERM
Topical term or geographic name entry element London (England) -Buildings, structures, etc.
650 ## - SUBJECT ADDED ENTRY--TOPICAL TERM
Topical term or geographic name entry element City planning -England -London
650 ## - SUBJECT ADDED ENTRY--TOPICAL TERM
Topical term or geographic name entry element Office buildings -England -London
700 ## - ADDED ENTRY--PERSONAL NAME
Personal name Fine, Daniel
Holdings
Withdrawn status Lost status Damaged status Not for loan Permanent Location Current Location Date acquired Full call number Barcode Date last seen Price effective from Koha item type
        Indian Institute of Public Administration Indian Institute of Public Administration 2009-01-13 J711 C838 DA1606 2018-07-21 2018-07-21 DA

Powered by Koha